Los dramas de la esclavitud /

Gorde:
Xehetasun bibliografikoak
Egile nagusia: Salgari, Emilio (autor)
Formatua: Liburua
Hizkuntza:gaztelania
Argitaratua: México : Pirámide, 1950, c1950
Etiketak: Etiketa erantsi
Etiketarik gabe, Izan zaitez lehena erregistro honi etiketa jartzen!

MARC

LEADER 00000nam^a2200000^a^4500
001 000437136
005 20250526000000.0
009 20260310123214.345
037 |a Acervo ITESO - Biblioteca 
041 |a ESP 
091 |a FHM. 08411 
100 |a Salgari, Emilio  |e (autor) 
245 1 4 |a Los dramas de la esclavitud / 
264 4 |a México :  |b Pirámide,  |c 1950, c1950 
300 |a 264 p. ;  |c 17.5 cm. 
336 |a texto  |b txt  |2 rdacontenido 
337 |a sin mediación  |b n  |2 rdamedio 
338 |a volumen  |b nc  |2 rdasoporte 
649 |a XX 
910 |a Fondo Hugo B. Margáin 
920 |a Impresos - Libros 
930 |a Libros Antiguos y Raros 
940 |a Literatura 
905 |a 126 
901 |a 0500301700  |b IT2  |c LRA  |i D116339  |u 20250526 
902 |a https://opac.biblio.iteso.mx/vufind/Record/000437136